Ligne 11 du Métro Parisien - Statistiques

Statistiques générales
  • Ce quiz a été pris 1 222 fois
    1 052 depuis la dernière actualisation
  • Le résultat moyen est 14 sur 19
Statistiques - réponses
n gares correspondances % Correct
1 Châtelet M 1 4 7 14RER A B D
98%
2 Hôtel de Ville M 1
92%
5 République M 3 5 8 9
92%
12 Porte des Lilas M 3bisT 3b
91%
4 Arts et Métiers M 3
89%
7 Belleville M 2
86%
13 Mairie des Lilas
86%
10 Place des Fêtes M 7bis
82%
3 Rambuteau
79%
8 Pyrénées
75%
11 Télégraphe
75%
6 Goncourt
74%
9 Jourdain
71%
19 Rosny-Bois-Perrier RER E
71%
14 Serge Gainsbourg
67%
16 Montreuil - Hôpital
57%
17 La Dhuys
53%
15 Romainville - Carnot
52%
18 Coteaux Beauclair
43%
Aucun quiz correspondant
Distribution des résultats
% des personnes avec chaque résultat
Percentile par nombre de réponses
Votre historique - résultats
Vous n’avez pas pris ce quiz depuis la dernière actualisation